000 03797cam a22012374i 4500
003 PE-LiUPU
005 20250813185533.0
008 150625s2002 sp a r 000 0 spa d
020 _a8497420454
035 _a(Sirsi) i9788497420457
040 _aPE-LiUPU
_bspa
_cPE-LiUPU
_erda
049 _aPRUA
082 0 4 _a375
_bD555
_221
245 0 0 _aDidáctica general :
_bqué y cómo enseñar en la sociedad de la información /
_cMartín Rodríguez Rojo (coord.) ; Florentino Blázquez Entonado.. [et al.].
264 1 _aMadrid :
_bBiblioteca Nueva,
_c2002.
300 _a454 páginas :
_bilustraciones, tablas, diágramas ;
_c24 cm.
336 _atext
_2rdacontent
337 _aunmediated
_2rdamedia
338 _avolume
_2rdacarrier
490 0 _aBiblioteca Nueva Universidad. Manuales y Obras de referencia. Educación
505 0 _aEl imperio de la globalización y la educación -- La didáctica como proceso de recostrucción de significados -- Currículo y teorías curriculares, -- Modelo de diseño curricular para elaborar proyectos -- Intervenciones u objetos educativos para la nueva sociedad -- El conflicto como contenido didáctico -- Métodos y actividades didácticas -- Materiales didácticos -- La organización del aula para la sociedad el conocimiento.
526 _aP202
526 _aP201
526 _aP163
526 _aP162
526 _aP161
526 _aP160
526 _aP148
526 _aP147
526 _aP146
526 _aP145
526 _aP144
526 _aP143
526 _aP142
526 _aP141
526 _aP140
526 _aP139
526 _aP138
526 _aP137
526 _aP136
526 _aP135
526 _aP134
526 _aP133
526 _aP129
526 _aP128
526 _aP127
526 _aP120
526 _aP119
526 _aP118
526 _aP116
526 _aP115
526 _aP114
526 _aP110
526 _aP109
526 _aP108
526 _aP104
526 _aP103
526 _aP102
526 _aP99
526 _aP98
526 _aP97
526 _aP96
526 _aP95
526 _aP93
526 _aP90
526 _aP89
526 _aP88
526 _aP83
526 _aP82
526 _aP62
526 _aP59
526 _aP58
526 _aP57
526 _aP51
526 _aP49
526 _aP48
526 _aP47
526 _aP29
526 _aP24
526 _aP20
526 _aP19
526 _aP17
526 _aP15
526 _aP14
526 _aP12
526 _aP10
526 _aP09
526 _aP08
526 _aP07
526 _aP06
526 _aP05
526 _aP04
526 _aP01
650 0 4 _aEducación
_xMetodología.
_95208
650 0 0 _aCurrículo.
_9398
650 0 0 _aEvaluación educativa.
_9399
650 0 0 _aPlanificación curricular.
_9400
700 1 _aRodríguez Rojo, Martín,
_ecoordinador.
942 _2ddc
_cBOOK
949 _a371.102 R74
_wDEWEY
_c1
_iFJ04897
_lCCODEBUJ1
_mBUJ
_p40.00
_r0
_sY
_tBOOK
_u2015-10-5
_xEDUCACION
_0COMPRA
_o.STAFF. Colección General
949 _a373.1 R74
_wDEWEY
_c2
_i58281
_d2016-3-16
_e2016-3-10
_lCCODEBUL1
_mBUL
_n2
_p49.00
_r0
_sY
_tBOOK
_u2015-6-25
_xEDUCACION
_0COMPRA
_o.CIRCNOTE. No olvidar cambiar la fecha de devolución!!!!!!!
_o.STAFF. Colección General
949 _aPGE 373.1 D
_wDEWEY
_c1
_i61194
_lCCODEBUL1
_mBUL
_p36.00
_r0
_sY
_tBOOK
_u2015-6-25
_xEDUCACION
_0COMPRA
_o.CIRCNOTE. No olvidar cambiar la fecha de devolución!!!!!!!
_o.STAFF. Colección General
980 _81
_gALBERTO SANCHEZ Responsable de Automatización
999 _c47222
_d47222